| 000 | 00495nam a2200193Ia 4500 | ||
|---|---|---|---|
| 005 | 20250508160149.0 | ||
| 008 | 008 250505s9999 xx 000 0 hin d | ||
| 037 | _aBooks to be hide in OPAC | ||
| 040 |
_aFEDL _beng _cFEDL |
||
| 041 |
_ahin _2eng |
||
| 084 | _qFEDL | ||
| 100 | _aRohila Pritam | ||
| 245 | 0 | _aSamaj seva vyavsaya | |
| 260 |
_aDelhi, India _bNCERT _c1969 |
||
| 300 | _a18p. | ||
| 700 |
_a Dhavan Inderjeet Puri Nina _9768015 |
||
| 942 | _cHB | ||
| 999 |
_c1362336 _d1362336 |
||